Central Library OPAC University of Rajshahi

উনিশ শতকে বাঙালি মুসলমানের চিন্তা ও চেতনার ধারা / (Record no. 38138)

MARC details
000 -LEADER
fixed length control field 01076nam a2200253 a 4500
001 - CONTROL NUMBER
control field 38138
003 - CONTROL NUMBER IDENTIFIER
rucl marc code BD-RjUL
005 - DATE AND TIME OF LATEST TRANSACTION
control field 20211209052731.0
008 - FIXED-LENGTH DATA ELEMENTS--GENERAL INFORMATION
fixed length control field 150914r19931983bg a|||| b||| 00| 0 ben d
020 ## - INTERNATIONAL STANDARD BOOK NUMBER
International Standard Book Number 9840735764
035 ## - SYSTEM CONTROL NUMBER
System control number (BD-RjUL)38243
040 ## - CATALOGING SOURCE
Original cataloging agency BD-RjUL
Language of cataloging ben
Transcribing agency BD-RjUL
041 ## - LANGUAGE CODE
Language code of text/sound track or separate title ben
082 ## - DEWEY DECIMAL CLASSIFICATION NUMBER
Edition number 22
Classification number 954.1400882971
Author mark and year AHU 1997
100 ## - MAIN ENTRY--PERSONAL NAME
Personal name আহমদ, ওয়াকিল
9 (RLIN) 117617
245 ## - TITLE STATEMENT
Title উনিশ শতকে বাঙালি মুসলমানের চিন্তা ও চেতনার ধারা /
Statement of responsibility, etc. ওয়াকিল আহমদ
260 ## - PUBLICATION, DISTRIBUTION, ETC. (IMPRINT)
Place of publication, distribution, etc. ঢাকা :
Name of publisher, distributor, etc. বাংলা একাডেমী,
Date of publication, distribution, etc. ১৯৯৭
300 ## - PHYSICAL DESCRIPTION
Pagination ৬৭৮ পৃ. :
Illustrations চিত্র ;
Size ২২ সেমি.
504 ## - BIBLIOGRAPHY, ETC. NOTE
Bibliography, etc গ্রন্থপঞ্জি সংযুক্ত
650 ## - SUBJECT ADDED ENTRY--TOPICAL TERM
Topical term or geographic name as entry element Muslims
Form subdivision History
Geographic subdivision India
-- Bengal
9 (RLIN) 118020
Topical term or geographic name as entry element মুসলিম
Form subdivision ইতিহাস
Geographic subdivision ভারত
-- বাংলা
9 (RLIN) 118022
Topical term or geographic name as entry element Muslims --India --Bengal --Intellectual life --19th century.
9 (RLIN) 118021
942 ## - ADDED ENTRY ELEMENTS (KOHA)
Source of classification or shelving scheme Dewey Decimal Classification
Koha item type Books
Holdings
Lost status Source of classification or shelving scheme Damaged status Not for loan Collection code Permanent Location Current Location Shelving location Date acquired Source of acquisition Cost, normal purchase price Total Checkouts Total Renewals Full call number Date last seen Date checked out Copy number Koha item type
  Dewey Decimal Classification     Non-fiction Central Library, University of Rajshahi Central Library, University of Rajshahi   02/02/2012 বাংলা একাডেমী, ঢাকা 210.00 4 1 B 954.1400882971 AHU 1997 19/05/2024 17/04/2024 C-2 Books
  Dewey Decimal Classification     Non-fiction Central Library, University of Rajshahi Central Library, University of Rajshahi   02/02/2012 Dhaka, bangla Academy 210.00 1   B 954.1400882971 AHU 1997 06/07/2017 04/07/2017 C-3 Books